History of India (Record no. 21294)

MARC details
000 -LEADER
fixed length control field 00261nam a22001217a 4500
082 ## - DEWEY DECIMAL CLASSIFICATION NUMBER
Classification number 954
Author Cutter ELL V.1
100 ## - MAIN ENTRY--AUTHOR NAME
Author name Elliot, H.M.
245 ## - TITLE STATEMENT
Title History of India
260 ## - PUBLICATION, DISTRIBUTION, ETC. (IMPRINT)
Place of publication London
Name of publisher Trubner and Co.
Year of publication 1867
300 ## - PHYSICAL DESCRIPTION
Number of Pages 541
650 ## - SUBJECT ADDED ENTRY--TOPICAL TERM
Topical Term India-history
942 ## - ADDED ENTRY ELEMENTS (KOHA)
Koha item type Books

No items available.

                   Copyright © 2026 | Henry Martyn Institute | Hyderabad | TS-500052 | INDIA | Implemented by hmi.edu.in
Hit-Count:

Powered by Koha